Statistics for UEFA Euro 2012 Results

Click here to take the quiz!

General Stats

  • This quiz has been taken 1,227 times
  • The average score is 15 of 16

Answers on the Map

Answers color-coded by a green-red scale on the quiz's map according to % correct below.
 

Answer Stats

Answer% Correct
Spain
98%
Germany
97%
Italy
97%
England
96%
Portugal
95%
France
94%
Poland
93%
Sweden
92%
Ukraine
92%
Russia
90%
Netherlands
89%
Croatia
87%
Denmark
86%
Greece
85%
Ireland
82%
Czech Republic
78%

Score Distribution

Percentile by Number Answered

Percent of People with Each Score

Your Score History

You have not taken this quiz